Statistics for Most Populous Landmasses

Click here to take the quiz!

General Stats

  • This quiz has been taken 166 times
  • The average score is 12 of 15

Answer Stats

PopulationLandmass% Correct
6,151,810,000Afro-Eurasia
99%
1,001,559,000Americas
99%
24,377,200Mainland Australia
97%
141,370,000Java
85%
21,258,000Borneo
83%
64,163,534Great Britain
83%
25,571,000Madagascar
81%
104,000,000Honshu
78%
58,455,800Sumatra
76%
23,461,708Taiwan
75%
21,203,000Sri Lanka
74%
21,107,000Hispaniola
66%
60,770,440Luzon
63%
18,455,058Sulawesi
60%
25,537,691Mindanao
47%

Score Distribution

Percentile by Number Answered

Percent of People with Each Score

Your Score History

You have not taken this quiz